000 00305nam a22001337a 4500
008 170419b xxu||||| |||| 00| 0 eng d
020 _a9781292023311
041 _aeng
080 _24 ED
_a579
100 _a11
101 _aSHM
245 _aMICROBIOLOGY WITH DISEASES
_cBAUMAN.R.W
942 _2udc
_cBK
999 _c11285
_d11285